00710nas a2200241Ia 4500001001200000003001000012008004100022040002500063041001300088100002100101210001000122222001000132245002300142250001100165260000900176501012300185300001400308362002900322500005100351650002900402700001700431700002000448dd22-29815 IT-MiCISF161014c99999999xx |||||||||||| ||und|| aIT-MiCISFcIT-MiCISF aITALIANO aCacciari Massimo aRocca aRocca 0aEquivoci sul padre a1a ed. c1999 bCISF - Centro Internazionale Studi Famiglia - Via Giotto, 36 20145 MILANO (non commercial uses only)cCopyright 2016 app. 27-38 a n. 19, 1 ottobre [1999] a Tema: padre, filosofia, figura-paterna, madre agenitorialitàvdossier a Forte Bruno a Luise Raffaele